000
00367nam a2200133Ia 4500
008
100328s9999 xx 000 0 und d
082
_b
58695
100
_a
वर्तक उषा.
245
_a
जखमी चेहरा.
260
_b
तुषार.
630
_a
जखमी चेहरा.
730
_a
जखमी चेहरा.
942
_c
BOOK
999
_c
545003
_d
545000